The physics of sediment transport by wind and water : a collection of hallmark papers /

Bibliographic Details
Main Author: Bagnold, Ralph A. (Ralph Alger), 1896-1990
Corporate Author: American Society of Civil Engineers. Sedimentation Committee
Other Authors: Thorne, C. R. (Colin R.), MacArthur, Robert C., Bradley, Jeffrey B.
Format: Book
Language:English
Published: New York, N.Y. : American Society of Civil Engineers, [1988]
Subjects:

MARC

Tag First Indicator Second Indicator Subfields
LEADER 00000cam a2200000 a 4500
001 in00000763522
005 20181201063738.0
008 880526s1988 nyuacf b 00110 eng
010 |a  88016832  
020 |a 0872626652 
020 |a 9780872626652 
029 1 |a NLGGC  |b 048024767 
029 1 |a YDXCP  |b 904138 
029 1 |a NZ1  |b 3424053 
029 1 |a AU@  |b 000005907015 
029 1 |a AU@  |b 000021771655 
035 |a (OCoLC)18068987 
035 |9 ADJ8665AM 
040 |a DLC  |c DLC  |d OCL  |d OCLCQ  |d BAKER  |d BTCTA  |d YDXCP  |d OCLCG  |d TXA  |d UtOrBLW 
049 |a TXAM  |c [A11721844] 
050 0 0 |a TC175.2  |b .B34 1988 
082 0 |a 551.3/03  |2 19 
100 1 |a Bagnold, Ralph A.  |q (Ralph Alger),  |d 1896-1990. 
245 1 4 |a The physics of sediment transport by wind and water :  |b a collection of hallmark papers /  |c by R.A. Bagnold ; prepared under the auspices of the Committee on Sedimentation of the Hydraulics Division of the American Society of Civil Engineers ; edited by Colin R. Thorne, Robert C. MacArthur, and Jeffrey B. Bradley. 
264 1 |a New York, N.Y. :  |b American Society of Civil Engineers,  |c [1988] 
264 4 |c ©1988 
300 |a 359 pages, 1 unnumbered leaf of plates :  |b illustrations, portrait ;  |c 22 cm. 
336 |a text  |b txt  |2 rdacontent 
337 |a unmediated  |b n  |2 rdamedia 
338 |a volume  |b nc  |2 rdacarrier 
504 |a Bibliography: pages 354-356. 
500 |a Includes index. 
650 0 |a Sediment transport. 
700 1 |a Thorne, C. R.  |q (Colin R.) 
700 1 |a MacArthur, Robert C. 
700 1 |a Bradley, Jeffrey B. 
710 2 |a American Society of Civil Engineers.  |b Sedimentation Committee. 
938 |a Baker and Taylor  |b BTCP  |n 88016832 
938 |a YBP Library Services  |b YANK  |n 904138 
938 |a Baker & Taylor  |b BKTY  |c 54.00  |d 54.00  |i 0872626652  |n 0001460918  |s active 
999 |a MARS 
999 f f |s c2121aa2-2224-38a7-9e25-bfa3ad5814f9  |i 557a8f76-7158-3850-ba6f-732db03a1272  |t 0 
952 f f |p ric  |a Texas A&M University  |b Rellis Campus  |c Joint Library Facility  |d Remote Storage  |t 0  |e TC175.2 .B34 1988  |h Library of Congress classification  |i unmediated -- volume  |m A14811721844 
998 f f |a TC175.2 .B34 1988  |t 0  |l Remote Storage